[Event "AUT-chT2W 0102"]
[Site "Austria"]
[Date "2002.03.09"]
[Round "10.5"]
[White "Stanojevic, Stanimir"]
[Black "Fuerlinger, Harald"]
[Result "0-1"]
[WhiteElo "2093"]
[BlackElo "2126"]
[PlyCount "50"]
[EventDate "2001.10.12"]
[EventType "team"]
[EventRounds "11"]
[EventCountry "AUT"]
[SourceTitle "EXT 2002"]
[Source "ChessBase"]
[SourceDate "2001.11.25"]
[SourceVersion "1"]
[SourceVersionDate "2001.11.25"]
[SourceQuality "1"]

1. e4 e6 2. d3 d5 3. Nd2 g6 4. Ngf3 Bg7 5. g3 Ne7 6. Bg2 c5 7. 0-0 Nbc6 8. Re1 dxe4 9. Nxe4 b6 10. Bg5 0-0 11. Nf6+ Kh8 12. Qd2 h6 13. Bxh6 Bxf6 14. Bxf8 Qxf8 15. Ne5 Bxe5 16. Rxe5 Nxe5 17. Bxa8 Bd7 18. Bg2 Kg7 19. d4 cxd4 20. Qxd4 f6 21. f4 Nf5 22. Qd2 Qc5+ 23. Kh1 Ng4 24. Qxd7+ Kh6 25. h3 Nxg3# 0-1

[Event "AUT-chT2W 0102"]
[Site "Austria"]
[Date "2002.01.13"]
[Round "8.5"]
[White "Erlacher, Michael"]
[Black "Fuerlinger, Harald"]
[Result "1/2-1/2"]
[WhiteElo "2185"]
[BlackElo "2126"]
[PlyCount "46"]
[EventDate "2001.10.12"]
[EventType "team"]
[EventRounds "11"]
[EventCountry "AUT"]
[SourceTitle "EXT 2002"]
[Source "ChessBase"]
[SourceDate "2001.11.25"]
[SourceVersion "1"]
[SourceVersionDate "2001.11.25"]
[SourceQuality "1"]

1. e4 e6 2. d4 d5 3. Nc3 Bb4 4. e5 c5 5. a3 Bxc3+ 6. bxc3 Ne7 7. Qg4 0-0 8. Bd3 Nbc6 9. Nf3 f5 10. exf6 Rxf6 11. Bg5 e5 12. Qg3 Rxf3 13. gxf3 c4 14. Be2 Qa5 15. Bd2 exd4 16. cxd4 c3 17. Be3 Nf5 18. Qf4 Bd7 19. 0-0 Rf8 20. Bd3 g6 21. Bxf5 Bxf5 22. Qd6 Rd8 23. Qf6 Rf8 1/2-1/2

[Event "AUT-chT2W 0102"]
[Site "Austria"]
[Date "2001.10.14"]
[Round "3.5"]
[White "Fuerlinger, Harald"]
[Black "Neuschmied, Siegfried"]
[Result "0-1"]
[WhiteElo "2126"]
[BlackElo "2180"]
[PlyCount "110"]
[EventDate "2001.10.12"]
[EventType "team"]
[EventRounds "11"]
[EventCountry "AUT"]
[SourceTitle "EXT 2002"]
[Source "ChessBase"]
[SourceDate "2001.11.25"]
[SourceVersion "1"]
[SourceVersionDate "2001.11.25"]
[SourceQuality "1"]

1. e4 g6 2. d4 Bg7 3. Be3 c6 4. Nc3 d5 5. f3 Nf6 6. e5 Ng8 7. Qd2 h5 8. Bd3 Nh6 9. Nge2 Bf5 10. Bxh6 Bxh6 11. f4 e6 12. Nd1 Qb6 13. c3 Bxd3 14. Qxd3 c5 15. 0-0 Nc6 16. dxc5 Qxc5+ 17. Kh1 0-0-0 18. Nd4 Kb8 19. Ne3 Nxd4 20. cxd4 Qb6 21. g3 Rc8 22. Rac1 Rxc1 23. Rxc1 h4 24. Kg1 hxg3 25. hxg3 g5 26. fxg5 Bxg5 27. Rc2 Qa5 28. b3 Qe1+ 29. Nf1 f5 30. Qc3 Qxc3 31. Rxc3 Bd8 32. Nh2 Rg8 33. Kf2 Ba5 34. Rc2 Bb6 35. Nf3 Rg4 36. Rd2 Kc7 37. b4 a6 38. a4 Kd7 39. Rd1 Kc6 40. Rc1+ Kd7 41. Rd1 Ba7 42. Rd3 Re4 43. Rd1 Bb6 44. Rd3 Bd8 45. Nd2 Rg4 46. Nb3 Be7 47. Nc5+ Bxc5 48. bxc5 Kc7 49. a5 Kc6 50. Rd2 Kb5 51. Rb2+ Kc4 52. Rxb7 Kxd4 53. c6 Kxe5 54. Rb6 Kd6 55. Rxa6 Kc7 0-1

[Event "AUT-chT2W 0001"]
[Site "Austria"]
[Date "2001.01.13"]
[Round "7"]
[White "Spiegel, Wilfried"]
[Black "Fuerlinger, Harald"]
[Result "0-1"]
[WhiteElo "2117"]
[BlackElo "2143"]
[PlyCount "69"]
[EventDate "2000.??.??"]
[EventType "team"]
[EventRounds "9"]
[EventCountry "AUT"]
[SourceTitle "EXT 2002"]
[Source "ChessBase"]
[SourceDate "2001.11.25"]
[SourceVersion "1"]
[SourceVersionDate "2001.11.25"]
[SourceQuality "1"]

1. d4 Nf6 2. c4 g6 3. Nc3 Bg7 4. g3 0-0 5. Bg2 c5 6. d5 d6 7. Nf3 Na6 8. 0-0 Nc7 9. h3 a6 10. a4 Bf5 11. Nh4 Bd7 12. a5 Rb8 13. e4 b5 14. axb6 Rxb6 15. Qe2 e6 16. Be3 exd5 17. exd5 Qb8 18. Ra2 Qb7 19. Qd2 Rb8 20. Rb1 Rb4 21. Bf1 Rb3 22. Bg2 Qb4 23. Bf1 Rxc3 24. bxc3 Qxb1 25. Rc2 Ne4 26. Qc1 Qxc1 27. Rxc1 Nxc3 28. Bf4 Ne8 29. Kh2 Rb1 30. Bd3 Rxc1 31. Bxc1 a5 32. Nf3 Bf5 33. Bxf5 gxf5 34. Nh4 a4 35. Nxf5 0-1

[Event "AUT-chT2W 9900"]
[Site "Austria"]
[Date "1999.10.16"]
[Round "2"]
[White "Fuerlinger, Harald"]
[Black "Blaas, Hansjoerg"]
[Result "0-1"]
[WhiteElo "2140"]
[BlackElo "2228"]
[PlyCount "72"]
[EventDate "1999.10.15"]
[EventType "team"]
[EventRounds "11"]
[EventCountry "AUT"]
[SourceTitle "EXT 2000"]
[Source "ChessBase"]
[SourceDate "1999.11.16"]
[SourceVersion "1"]
[SourceVersionDate "1999.11.16"]
[SourceQuality "1"]

1. d4 d5 2. Nf3 f5 3. c4 e6 4. g3 c6 5. Bg2 Be7 6. 0-0 Nf6 7. b3 0-0 8. Ba3 Bd7 9. Bxe7 Qxe7 10. Nbd2 Be8 11. Ne5 Nbd7 12. Nxd7 Nxd7 13. e3 Rd8 14. Qc2 g5 15. f4 Bh5 16. Rac1 Nf6 17. Bf3 Bxf3 18. Nxf3 g4 19. Nh4 Ne4 20. cxd5 exd5 21. Rfe1 Rd6 22. Re2 Re6 23. Ng2 Re8 24. Qd3 a5 25. Nh4 Rf8 26. Ng2 Kg7 27. Qc2 Re8 28. Ne1 h5 29. Nd3 h4 30. gxh4 Rh6 31. Rg2 Rg8 32. Nf2 Nd6 33. Qe2 Kh8 34. Nh1 Re6 35. Re1 Re8 36. Rg3 Ne4 0-1

[Event "Wattens op 14th"]
[Site "Wattens"]
[Date "1999.??.??"]
[Round "8"]
[White "Duer, Werner"]
[Black "Fuerlinger, Harald"]
[Result "1/2-1/2"]
[WhiteElo "2320"]
[BlackElo "2150"]
[PlyCount "66"]
[EventDate "1999.??.??"]
[EventType "swiss"]
[EventRounds "9"]
[EventCountry "AUT"]
[SourceTitle "EXT 2001"]
[Source "ChessBase"]
[SourceDate "2000.11.22"]
[SourceVersion "1"]
[SourceVersionDate "2000.11.22"]
[SourceQuality "1"]

1. d4 d5 2. Nf3 e6 3. c4 Be7 4. Nc3 Nf6 5. Bg5 h6 6. Bh4 0-0 7. e3 b6 8. Bd3 Nbd7 9. 0-0 dxc4 10. Bxc4 Bb7 11. Qe2 Ne4 12. Nxe4 Bxe4 13. Bg3 c5 14. Rfd1 Qc8 15. Rac1 Bc6 16. b4 Ba4 17. Rf1 a6 18. bxc5 bxc5 19. dxc5 Bxc5 20. Bd3 Qb7 21. Rb1 Bb6 22. Ne5 Nc5 23. Bc4 Qa7 24. Qf3 Bc2 25. Nc6 Qb7 26. Ne7+ Qxe7 27. Rxb6 Be4 28. Qe2 Rfd8 29. Rd1 Rxd1+ 30. Qxd1 Rd8 31. Rd6 Rxd6 32. Qxd6 Qxd6 33. Bxd6 Bd3 1/2-1/2

[Event "Wattens op 14th"]
[Site "Wattens"]
[Date "1999.??.??"]
[Round "1"]
[White "Fuerlinger, Harald"]
[Black "Langer, Herbert"]
[Result "1-0"]
[WhiteElo "2150"]
[BlackElo "1610"]
[PlyCount "51"]
[EventDate "1999.??.??"]
[EventType "swiss"]
[EventRounds "9"]
[EventCountry "AUT"]
[SourceTitle "EXT 2001"]
[Source "ChessBase"]
[SourceDate "2000.11.22"]
[SourceVersion "1"]
[SourceVersionDate "2000.11.22"]
[SourceQuality "1"]

1. d4 d5 2. Nf3 Nf6 3. c4 e6 4. e3 Be7 5. Nc3 0-0 6. Bd3 Nbd7 7. 0-0 b6 8. cxd5 exd5 9. Ne5 Bb7 10. f4 c5 11. Qf3 h6 12. Bd2 Kh8 13. Be1 Ne8 14. Qh5 Ndf6 15. Nxf7+ Rxf7 16. Qxf7 cxd4 17. exd4 Nd6 18. Qg6 Nde4 19. Bh4 Qd6 20. a3 Rc8 21. Rac1 Rg8 22. Nb5 Qe6 23. Rc7 Bc6 24. f5 Be8 25. fxe6 Bxg6 26. Rxe7 1-0

[Event "AUT-chT2W 9899"]
[Site "Austria"]
[Date "1998.10.18"]
[Round "2.6"]
[White "Lederwasch, Bernhard"]
[Black "Fuerlinger, Harald"]
[Result "1/2-1/2"]
[WhiteElo "100"]
[BlackElo "2150"]
[PlyCount "49"]
[EventDate "1998.10.??"]
[EventType "team"]
[EventRounds "9"]
[EventCountry "AUT"]
[SourceTitle "EXT 2000"]
[Source "ChessBase"]
[SourceDate "1999.11.16"]
[SourceVersion "1"]
[SourceVersionDate "1999.11.16"]
[SourceQuality "1"]

1. e4 e6 2. d4 d5 3. Nc3 Bb4 4. Nge2 Nf6 5. e5 Ne4 6. a3 Nxc3 7. Nxc3 Be7 8. Qg4 Kf8 9. Ne2 c5 10. c3 Nc6 11. g3 cxd4 12. cxd4 Qa5+ 13. Nc3 Qb6 14. Ne2 h5 15. Qf4 Na5 16. Bg2 Nb3 17. Rb1 Bd7 18. Qe3 a5 19. 0-0 a4 20. Rd1 g6 21. Bd2 Kg7 22. Bc3 h4 23. g4 Rac8 24. h3 Na5 25. Qd2 1/2-1/2

[Event "AUT-chT2W 9798"]
[Site "Austria"]
[Date "1998.??.??"]
[Round "8"]
[White "Fuerlinger, Harald"]
[Black "Kranz, Armin"]
[Result "1/2-1/2"]
[WhiteElo "2055"]
[BlackElo "2110"]
[PlyCount "35"]
[EventDate "1997.??.??"]
[EventType "team"]
[EventRounds "11"]
[EventCountry "AUT"]
[SourceTitle "EXT 1999"]
[Source "ChessBase"]
[SourceDate "1998.11.16"]
[SourceVersion "1"]
[SourceVersionDate "1998.11.16"]
[SourceQuality "1"]

1. e4 c6 2. Nf3 d5 3. Nc3 Bg4 4. h3 Bxf3 5. Qxf3 e6 6. d4 Nf6 7. Bg5 dxe4 8. Nxe4 Nbd7 9. Bd3 Be7 10. Bxf6 Nxf6 11. c3 0-0 12. 0-0 Qd5 13. Rfe1 Rad8 14. Bc2 Kh8 15. Qe2 Qh5 16. Qd3 Nxe4 17. Qxe4 Bf6 18. Qf4 1/2-1/2

[Event "AUT-chT2W 9798"]
[Site "Austria"]
[Date "1998.??.??"]
[Round "11"]
[White "Fuerlinger, Harald"]
[Black "Stanojevic, Stanimir"]
[Result "0-1"]
[WhiteElo "2055"]
[BlackElo "2110"]
[PlyCount "80"]
[EventDate "1997.??.??"]
[EventType "team"]
[EventRounds "11"]
[EventCountry "AUT"]
[SourceTitle "EXT 1999"]
[Source "ChessBase"]
[SourceDate "1998.11.16"]
[SourceVersion "1"]
[SourceVersionDate "1998.11.16"]
[SourceQuality "1"]

1. Nf3 c5 2. c4 Nf6 3. g3 g6 4. Bg2 Bg7 5. 0-0 0-0 6. Nc3 Nc6 7. d4 cxd4 8. Nxd4 Qb6 9. Nc2 Qc5 10. b3 Rd8 11. e4 d6 12. Nd5 Nxd5 13. exd5 Ne5 14. Be3 Qc7 15. h3 Nd7 16. Bd4 Nf6 17. Re1 Re8 18. Rc1 Bd7 19. Qd2 b5 20. cxb5 Bxb5 21. Na3 Qb7 22. Nxb5 Qxb5 23. Ba1 Rab8 24. Rc7 Rb7 25. Bf1 Qb6 26. Rc6 Qd8 27. Bc3 Qd7 28. Bg2 Rc8 29. Rxe7 Qxe7 30. Rxc8+ Ne8 31. Bxg7 Kxg7 32. Qc3+ Nf6 33. h4 Qe2 34. Bf3 Qxa2 35. h5 h6 36. hxg6 Qb1+ 37. Kg2 Kxg6 38. Qc6 Rxb3 39. Qxd6 Rxf3 40. Rg8+ Kh7 0-1

[Event "Wattens op 12th"]
[Site "Wattens"]
[Date "1997.??.??"]
[Round "?"]
[White "Fuerlinger, Harald"]
[Black "Ampferer, Michael"]
[Result "1-0"]
[WhiteElo "2045"]
[BlackElo "1865"]
[PlyCount "45"]
[EventDate "1997.??.??"]
[EventType "swiss"]
[EventRounds "9"]
[EventCountry "AUT"]
[SourceTitle "EXT 2000"]
[Source "ChessBase"]
[SourceDate "1999.11.16"]
[SourceVersion "1"]
[SourceVersionDate "1999.11.16"]
[SourceQuality "1"]

1. d4 d5 2. Nf3 Nf6 3. c4 e6 4. e3 b6 5. Bd3 c5 6. 0-0 Nc6 7. cxd5 exd5 8. Nc3 a6 9. dxc5 bxc5 10. e4 d4 11. e5 dxc3 12. exf6 Be6 13. Qa4 Qc7 14. Bf4 Qb7 15. bxc3 Bd7 16. Rab1 Qa7 17. Rfe1+ Kd8 18. Be4 Rc8 19. Ng5 Be8 20. Rbd1+ Nd4 21. Qxe8+ Kxe8 22. Bc6+ Kd8 23. Re8# 1-0

[Event "AUT-chT2W 9798"]
[Site "Austria"]
[Date "1997.??.??"]
[Round "6"]
[White "Fuerlinger, Harald"]
[Black "Hamberger, Hermann"]
[Result "1/2-1/2"]
[WhiteElo "2055"]
[BlackElo "2175"]
[PlyCount "30"]
[EventDate "1997.??.??"]
[EventType "team"]
[EventRounds "11"]
[EventCountry "AUT"]
[SourceTitle "EXT 1999"]
[Source "ChessBase"]
[SourceDate "1998.11.16"]
[SourceVersion "1"]
[SourceVersionDate "1998.11.16"]
[SourceQuality "1"]

1. Nf3 Nc6 2. d4 d5 3. c4 Bg4 4. cxd5 Bxf3 5. dxc6 Bxc6 6. Nc3 e6 7. e4 Nf6 8. f3 Bb4 9. Be3 Ba5 10. Qb3 Bb6 11. 0-0-0 Qe7 12. Bg5 h6 13. Bxf6 Qxf6 14. d5 Bd7 15. Bb5 0-0-0 1/2-1/2

[Event "AUT-chT2W 9798"]
[Site "Austria"]
[Date "1997.??.??"]
[Round "4"]
[White "Hackbarth, Wolfgang"]
[Black "Fuerlinger, Harald"]
[Result "1/2-1/2"]
[WhiteElo "2185"]
[BlackElo "2055"]
[PlyCount "28"]
[EventDate "1997.??.??"]
[EventType "team"]
[EventRounds "11"]
[EventCountry "AUT"]
[SourceTitle "EXT 1999"]
[Source "ChessBase"]
[SourceDate "1998.11.16"]
[SourceVersion "1"]
[SourceVersionDate "1998.11.16"]
[SourceQuality "1"]

1. c4 e5 2. g3 Nf6 3. Bg2 d5 4. cxd5 Nxd5 5. Nc3 Nb6 6. Nf3 Nc6 7. d3 Be7 8. 0-0 Be6 9. b3 f5 10. Bb2 0-0 11. Nb5 Bf6 12. d4 e4 13. Ne5 Bxe5 14. dxe5 Qd7 1/2-1/2

[Event "Wattens op 12th"]
[Site "Wattens"]
[Date "1997.??.??"]
[Round "?"]
[White "Pilz, Dieter"]
[Black "Fuerlinger, Harald"]
[Result "1-0"]
[WhiteElo "2250"]
[BlackElo "2045"]
[PlyCount "123"]
[EventDate "1997.??.??"]
[EventType "swiss"]
[EventRounds "9"]
[EventCountry "AUT"]
[SourceTitle "EXT 2000"]
[Source "ChessBase"]
[SourceDate "1999.11.16"]
[SourceVersion "1"]
[SourceVersionDate "1999.11.16"]
[SourceQuality "1"]

1. e4 e6 2. d4 d5 3. Nd2 Nf6 4. exd5 exd5 5. Bd3 Be7 6. Ne2 Nbd7 7. 0-0 Nf8 8. Ng3 Ng6 9. Nf3 Bg4 10. h3 Bxf3 11. Qxf3 0-0 12. Nf5 Re8 13. Bg5 Ne4 14. Nxe7+ Nxe7 15. Bxe4 dxe4 16. Qxe4 Nc6 17. Qxc6 bxc6 18. Bxd8 Raxd8 19. Rfe1 Kf8 20. c3 c5 21. Rxe8+ Rxe8 22. Kf1 cxd4 23. cxd4 Rd8 24. Rc1 Rxd4 25. Rxc7 Rd2 26. Rxa7 Rxb2 27. g3 g5 28. Kg2 Kg7 29. Kf3 h5 30. Ke3 Kg6 31. Ra8 Kf5 32. Ra6 Rc2 33. a4 Rc3+ 34. Kd2 Ra3 35. Ke2 Ke4 36. a5 h4 37. gxh4 gxh4 38. Kf1 Rxh3 39. Rh6 Ra3 40. Rxh4+ Ke5 41. Rh7 Ke6 42. Rh5 f5 43. Rh6+ Ke5 44. a6 Kf4 45. Rg6 Ra1+ 46. Kg2 Ra2 47. Rb6 Ra3 48. Re6 Ra2 49. Rc6 Ra3 50. Rb6 Ra2 51. Kf1 Kf3 52. Rb3+ Kf4 53. Kg2 Rxa6 54. Rb4+ Kg5 55. Kg3 Ra3+ 56. f3 Rc3 57. Rb8 f4+ 58. Kg2 Rc2+ 59. Kh3 Rc4 60. Rb5+ Kf6 61. Kg4 Kg6 62. Rb6+ 1-0